BIBLIOTECA

SENCICO

Monografía del trabajo de certificación : (Registro nro. 3597)

Detalles MARC
000 -LEADER
fixed length control field 00801nam a2200253Ia 4500
003 - CONTROL NUMBER IDENTIFIER
control field PE SENCICO BE
005 - DATE AND TIME OF LATEST TRANSACTION
control field 20260220211458.0
008 - FIXED-LENGTH DATA ELEMENTS--GENERAL INFORMATION
fixed length control field 200515s9999 xx 000 0 und d
040 ## - CATALOGING SOURCE
Original cataloging agency PE SENCICO BE
Transcribing agency PE SENCICO BE
041 ## - LANGUAGE CODE
Language code of text/sound track or separate title spa
082 ## - DEWEY DECIMAL CLASSIFICATION NUMBER
Classification number 692.1
Item number S14
100 1# - MAIN ENTRY--PERSONAL NAME
Personal name Saenz Coral, Juan
9 (RLIN) 196
Relator term autor
245 10 - TITLE STATEMENT
Title Monografía del trabajo de certificación :
Remainder of title dibujo en construcción civil /
Statement of responsibility, etc. Juan Saenz Coral
260 ## - PUBLICATION, DISTRIBUTION, ETC.
Place of publication, distribution, etc. Lima :
Date of publication, distribution, etc. [1995]
300 ## - PHYSICAL DESCRIPTION
Extent [30] hojas :
Other physical details planos ;
Dimensions 30 cm.
500 ## - GENERAL NOTE
General note Curso modular
650 10 - SUBJECT ADDED ENTRY--TOPICAL TERM
Topical term or geographic name entry element Dibujo arquitectónico
9 (RLIN) 387
650 20 - SUBJECT ADDED ENTRY--TOPICAL TERM
Topical term or geographic name entry element Diseño de estructuras
9 (RLIN) 344
650 20 - SUBJECT ADDED ENTRY--TOPICAL TERM
Topical term or geographic name entry element Instalaciones eléctricas
9 (RLIN) 349
650 20 - SUBJECT ADDED ENTRY--TOPICAL TERM
Topical term or geographic name entry element Construcción
9 (RLIN) 339
650 20 - SUBJECT ADDED ENTRY--TOPICAL TERM
Topical term or geographic name entry element Instalaciones sanitarias
9 (RLIN) 332
650 20 - SUBJECT ADDED ENTRY--TOPICAL TERM
Topical term or geographic name entry element Dibujo técnico
9 (RLIN) 388
942 ## - ADDED ENTRY ELEMENTS (KOHA)
Koha item type Libros
Source of classification or shelving scheme Dewey Decimal Classification
Existencias
Fecha de la última vez que lo usaron Número de ingreso o de inventario Pago total Signatura topográfica completa Código de barras Tipo de documento Estado perdido Sistema de clasificación Estado dañado No es para préstamo Retirado Ubicación permanente Ubicación actual Precio efectivo desde Fecha de adquisición
15/05/2020 4801   692.1/S14 BibLima26012633 Libros   Dewey Decimal Classification       Biblioteca Central Lima Biblioteca Central Lima    
16/01/2026 4802   692.1/S14/ej. 2 BibLima26012634 Libros   Dewey Decimal Classification       Biblioteca Central Lima Biblioteca Central Lima 16/01/2026 16/01/2026
20/01/2026 4803   692.1/S14/ej. 3 BibLima26012643 Libros   Dewey Decimal Classification       Biblioteca Central Lima Biblioteca Central Lima 20/01/2026 20/01/2026